| 000 | 01005nam a22002057a 4500 | ||
|---|---|---|---|
| 008 | 120424t xxu||||| |||| 00| 0 eng d | ||
| 020 | _a0471115770 9780471115779 | ||
| 050 | _aHF382.7.K37 | ||
| 100 | _aKennedy, Joyce Lain. | ||
| 245 |
_aElectronic job search revolution : how to win with the new technology that's reshaping today's job market. / _cJoyce Lain Kennedy |
||
| 260 |
_aNew York : _b J. Wiley, _c ©1995. |
||
| 300 |
_axix, 183 p. ; _c26 cm. |
||
| 500 | _aIncludes index. | ||
| 505 | _aContents: The New job market -- Resume database services -- Job computers : Applicant tracking systems -- Armchair job hunting -- Amazing new elctronic employer databases -- The Computerized job interview -- Bedknobs, broomsticks, and job- seeking wizardry -- Computer made simple. | ||
| 650 |
_aJob hunting _x Technological innovations. |
||
| 650 |
_aJob hunting _x Computer network resources. |
||
| 650 |
_aHelp-wanted advertising _x Databases. |
||
| 700 | _aMorrow, Thomas J. | ||
| 942 |
_2lcc _cBK |
||
| 999 |
_c749 _d8249 |
||